Computational fluid dynamics (Record no. 2125)

000 -LEADER
fixed length control field 00621nam a2200217 a 4500
001 - CONTROL NUMBER
control field 2125
003 - CONTROL NUMBER IDENTIFIER
control field BD-DhUET
008 - FIXED-LENGTH DATA ELEMENTS--GENERAL INFORMATION
fixed length control field 940517s1995 nyua b 001 0 eng
020 ## - INTERNATIONAL STANDARD BOOK NUMBER
International Standard Book Number 0071132104
040 ## - CATALOGING SOURCE
Original cataloging agency DLC
Transcribing agency DLC
Modifying agency BD-DhUET
082 00 - DEWEY DECIMAL CLASSIFICATION NUMBER
Classification number 532.050285
Item number AND/1995
100 ## - MAIN ENTRY--PERSONAL NAME
Personal name Anderson, John D.
245 10 - TITLE STATEMENT
Title Computational fluid dynamics
Remainder of title the basics with applications
250 ## - EDITION STATEMENT
Edition statement 1st ed.
260 ## - PUBLICATION, DISTRIBUTION, ETC. (IMPRINT)
Place of publication, distribution, etc. New York
Name of publisher, distributor, etc. McGraw-Hill
Date of publication, distribution, etc. 1995
300 ## - PHYSICAL DESCRIPTION
Extent xxiv, 547 p.
490 1# - SERIES STATEMENT
Series statement McGraw-Hill series in mechanical engineering
504 ## - BIBLIOGRAPHY, ETC. NOTE
Bibliography, etc Includes bibliographies
650 #0 - SUBJECT ADDED ENTRY--TOPICAL TERM
Topical term or geographic name as entry element Fluid dynamics-Data processing
942 ## - ADDED ENTRY ELEMENTS (KOHA)
Koha item type General Book
Holdings
Source of classification or shelving scheme Koha out on loan Date acquired Location (home branch) Withdrawn status Koha item type Not for loan Damaged status Koha full call number Koha issues (times borrowed) Price effective from Lost status Koha date last borrowed Piece designation (barcode) Koha normalized classification for sorting Sublocation or collection (holding branch) Koha date last seen Shelving location Copy number
 2019-02-282014-09-20Central Library, BUET General Book  532.050285/AND/199512014-09-20 2018-02-28103357532_000000000000000_050285AND1Central Library, BUET2018-02-28Circulation section1
  2014-09-20Central Library, BUET General Book  532.050285/AND/199532014-09-20 2023-08-12103359532_000000000000000_050285AND1Central Library, BUET2023-08-26Circulation section2
  2015-02-04Central Library, BUET General Book  532.050285/AND/199562015-02-04 2015-03-23103361532_050285000000000_AND_1995Central Library, BUET2015-07-29Circulation section3
  2015-06-08Central Library, BUET Reading Item  532.050285/AND/1995 2015-06-08  95199532_050285000000000_AND_1995Central Library, BUET2015-06-08Reading section4
 2020-06-152016-09-25Central Library, BUET General Book  532.050285/AND/199512016-09-25 2019-06-16114592532_050285000000000_AND_1995Central Library, BUET2019-06-16Circulation section5
  2016-09-25Central Library, BUET General Book  532.050285/AND/1995 2016-09-25  114593532_050285000000000_AND_1995Central Library, BUET2016-09-25Circulation section2
  2007-05-07Central Library, BUET General Book  532.050285/AND/1995 2017-10-31  103360532_050285000000000_AND_1995Central Library, BUET2017-10-31Circulation section6